Normal view
MARC view
- TEXTBOOK-DME. WORKSHOP TECHNOLOGY
Entry Topical Term
001 - CONTROL NUMBER
- control field: 62476
003 - CONTROL NUMBER IDENTIFIER
- control field: NUST
005 - DATE AND TIME OF LATEST TRANSACTION
- control field: 20210628202937.0
008 - FIXED-LENGTH DATA ELEMENTS
- fixed length control field: 210628|| aca||aabn | a|a d
040 ## - CATALOGING SOURCE
- Original cataloging agency: NUST
- Transcribing agency: NUST
150 ## - HEADING--TOPICAL TERM
- Topical term or geographic name entry element: TEXTBOOK-DME. WORKSHOP TECHNOLOGY
670 ## - SOURCE DATA FOUND
- Source citation: Work cat.: (NUST): Chapman,W.A.J 10212, Workshop technology-part-1 ,in si units, 2001
